[Event "POL-chT 1st League"]
[Site "Darlowo"]
[Date "2024.09.19"]
[Round "6.14"]
[White "Golenia, Wojciech"]
[Black "Maciejczak, Jakub"]
[Result "0-1"]
[WhiteElo "2247"]
[BlackElo "2342"]
[PlyCount "106"]
[EventDate "2024.09.14"]
[EventType "team-swiss"]
[EventRounds "9"]
[EventCountry "POL"]
[SourceTitle "EXT 2025"]
[Source "ChessBase"]
[SourceDate "2024.10.14"]
[SourceVersion "1"]
[SourceVersionDate "2024.10.14"]
[SourceQuality "1"]

1. e4 c6 2. d4 d5 3. e5 Bf5 4. Nf3 e6 5. Be2 c5 6. Be3 Qb6 7. Nc3 Nc6 8. 0-0 c4 9. Rb1 Nb4 10. Ne1 Bg6 11. f4 h5 12. a3 Nc6 13. f5 Bxf5 14. Rxf5 exf5 15. Nxd5 Qd8 16. Bxc4 Rc8 17. Ba2 g6 18. Nf3 Bh6 19. Bxh6 Nxh6 20. e6 0-0 21. Qd2 Kg7 22. exf7 Qd6 23. Nf4 Nd8 24. Ne5 Rxc2 25. Qxc2 Qxd4+ 26. Qf2 Qxe5 27. Qg3 Qd4+ 28. Kh1 Ng4 29. h3 h4 30. Qc3 Nf2+ 31. Kh2 Qxc3 32. bxc3 Ne4 33. Re1 Kf6 34. Rd1 Nxf7 35. Rd7 Nfd6 36. Nd5+ Kg5 37. c4 Rc8 38. Rg7 Kh6 39. Rd7 Kg5 40. Nc7 Nc5 41. Re7 Nde4 42. Nd5 Rc6 43. Kg1 Ra6 44. Bb1 Nd2 45. Bc2 Rxa3 46. Ne3 Nce4 47. Nd1 b6 48. Bxe4 Nxe4 49. Rd7 Ra1 50. Rd3 a5 51. Kf1 Rc1 52. Ke2 Rxc4 53. Rb3 Rc2+ 0-1

[Event "BL2-Nord 2324"]
[Site "Germany"]
[Date "2024.03.16"]
[Round "9.4"]
[White "Maciejczak, Jakub"]
[Black "Van Delft, Merijn"]
[Result "1-0"]
[WhiteElo "2359"]
[BlackElo "2368"]
[PlyCount "95"]
[EventDate "2023.10.21"]
[EventType "team-tourn"]
[EventRounds "10"]
[EventCountry "GER"]
[SourceTitle "EXT 2025"]
[Source "ChessBase"]
[SourceDate "2024.10.14"]
[SourceVersion "1"]
[SourceVersionDate "2024.10.14"]
[SourceQuality "1"]
[WhiteTeam "Ruedersdorf Glueckauf"]
[BlackTeam "Hamburger SK II"]
[WhiteTeamCountry "GER"]
[BlackTeamCountry "GER"]

1. Nf3 Nf6 2. g3 d5 3. Bg2 c6 4. 0-0 Bf5 5. b3 h6 6. Bb2 e6 7. d3 Be7 8. c4 0-0 9. Nbd2 a5 10. a3 Re8 11. Qc2 Nbd7 12. Bc3 Bd6 13. b4 axb4 14. axb4 Rxa1 15. Rxa1 e5 16. Qb3 Bh7 17. Nf1 Bf8 18. N3d2 e4 19. dxe4 dxe4 20. Ne3 Ne5 21. h3 Ned7 22. Ra7 Qb8 23. Qa2 Bg6 24. Qa1 c5 25. b5 Bd6 26. Ra3 h5 27. Bb2 Kh7 28. Ndf1 Bc7 29. Ra2 Bd6 30. Bc3 Be5 31. Rd2 Bxc3 32. Qxc3 Nb6 33. h4 Qc7 34. Bh3 Re5 35. Rd1 Ne8 36. Qd2 f6 37. Qd8 Qxd8 38. Rxd8 Bf7 39. Nd2 g6 40. Rb8 Nd6 41. Rd8 Ndxc4 42. Ndxc4 Nxc4 43. Rd7 Nxe3 44. Rxf7+ Kg8 45. Rxb7 Nc4 46. b6 f5 47. Rb8+ Kg7 48. b7 1-0

[Event "BL2-Nord 2324"]
[Site "Germany"]
[Date "2024.02.03"]
[Round "5.8"]
[White "Boetzer, Detlef"]
[Black "Maciejczak, Jakub"]
[Result "0-1"]
[WhiteElo "2195"]
[BlackElo "2359"]
[PlyCount "60"]
[EventDate "2023.10.21"]
[EventType "team-tourn"]
[EventRounds "10"]
[EventCountry "GER"]
[SourceTitle "EXT 2025"]
[Source "ChessBase"]
[SourceDate "2024.10.14"]
[SourceVersion "1"]
[SourceVersionDate "2024.10.14"]
[SourceQuality "1"]
[WhiteTeam "Pankow Rotation"]
[BlackTeam "Ruedersdorf Glueckauf"]
[WhiteTeamCountry "GER"]
[BlackTeamCountry "GER"]

1. d4 d5 2. Bg5 Nf6 3. Bxf6 gxf6 4. e3 e6 5. c4 dxc4 6. Bxc4 a6 7. Ne2 b5 8. Bb3 Bb7 9. 0-0 c5 10. Ng3 h5 11. Nxh5 f5 12. Nf4 cxd4 13. Qxd4 Qxd4 14. exd4 Bd6 15. Nh3 Nc6 16. Rd1 Ke7 17. Kf1 Rag8 18. f3 Rh4 19. d5 Nd4 20. Nd2 Bxh2 21. dxe6 fxe6 22. Re1 Bg3 23. Re3 Kf6 24. Rd1 Nxb3 25. Nxb3 Bd5 26. Nd2 Rc8 27. b3 Rc2 28. a3 a5 29. Nb1 Be5 30. Rdd3 a4 0-1

[Event "BL2-Nord 2223"]
[Site "Germany"]
[Date "2023.02.25"]
[Round "7.5"]
[White "Kopylov, Daniel"]
[Black "Maciejczak, Jakub"]
[Result "1/2-1/2"]
[WhiteElo "2320"]
[BlackElo "2359"]
[PlyCount "80"]
[EventDate "2022.10.22"]
[EventType "team-tourn"]
[EventRounds "10"]
[EventCountry "GER"]
[SourceTitle "EXT 2024"]
[Source "ChessBase"]
[SourceDate "2023.10.10"]
[SourceVersion "1"]
[SourceVersionDate "2023.10.10"]
[SourceQuality "1"]
[WhiteTeam "Kiel Turm II"]
[BlackTeam "Ruedersdorf Glueckauf"]
[WhiteTeamCountry "GER"]
[BlackTeamCountry "GER"]

1. e4 d6 2. d4 Nf6 3. Nc3 g6 4. Be3 c6 5. f3 Nbd7 6. Qd2 Qa5 7. 0-0-0 b5 8. Kb1 b4 9. Nce2 Ba6 10. Qe1 Bg7 11. h4 h5 12. Nh3 c5 13. Nc1 Bxf1 14. Rxf1 Qb5 15. Ng5 Rc8 16. Qe2 Qxe2 17. Nxe2 a5 18. Nc1 0-0 19. dxc5 Nxc5 20. Bd4 Nfd7 21. Bxg7 Kxg7 22. Nb3 Nxb3 23. axb3 Rc5 24. Nh3 Rfc8 25. Rf2 Nf6 26. Nf4 Kh6 27. Nd3 R5c7 28. e5 dxe5 29. Nxe5 Kg7 30. Re2 Ra8 31. Nc4 Ra6 32. Re5 a4 33. Rb5 axb3 34. cxb3 Re6 35. Rd2 Re1+ 36. Kc2 e6 37. Rd1 Rxd1 38. Kxd1 Nd5 39. Ke2 Kf6 40. g3 Ke7 1/2-1/2

[Event "POL-chT 2nd League"]
[Site "Jastrzebia Gora"]
[Date "2022.09.09"]
[Round "7.19"]
[White "Dalkowski, Rafal"]
[Black "Maciejczak, Jakub"]
[Result "1-0"]
[WhiteElo "2033"]
[BlackElo "2374"]
[PlyCount "42"]
[EventDate "2022.09.03"]
[EventType "team-swiss"]
[EventRounds "9"]
[EventCountry "POL"]
[SourceTitle "CBM 210 Extra"]
[Source "ChessBase"]
[SourceDate "2022.11.30"]
[SourceVersion "1"]
[SourceVersionDate "2022.11.30"]
[SourceQuality "1"]
[WhiteTeam "Warszawa Czternastka"]
[BlackTeam "Ostrow Wielkopolski"]
[WhiteTeamCountry "POL"]
[BlackTeamCountry "POL"]

1. Nf3 d5 2. c4 c6 3. e3 Nf6 4. Nc3 Nbd7 5. cxd5 cxd5 6. d4 e6 7. Bd3 Be7 8. 0-0 0-0 9. Bd2 b6 10. Qe2 a6 11. a4 Bb7 12. Rfc1 Ne4 13. Be1 f5 14. Na2 g5 15. Rc2 g4 16. Nd2 Bd6 17. Nxe4 dxe4 18. Bc4 Rf6 19. Bb4 Bxh2+ 20. Kf1 a5 21. Ba3 Rh6 1-0

[Event "POL-chT 2nd League"]
[Site "Jastrzebia Gora"]
[Date "2022.09.06"]
[Round "4.8"]
[White "Orzech, Dominik"]
[Black "Maciejczak, Jakub"]
[Result "1/2-1/2"]
[WhiteElo "2325"]
[BlackElo "2374"]
[PlyCount "39"]
[EventDate "2022.09.03"]
[EventType "team-swiss"]
[EventRounds "9"]
[EventCountry "POL"]
[SourceTitle "CBM 210 Extra"]
[Source "ChessBase"]
[SourceDate "2022.11.30"]
[SourceVersion "1"]
[SourceVersionDate "2022.11.30"]
[SourceQuality "1"]
[WhiteTeam "Wroclaw Kopernik"]
[BlackTeam "Ostrow Wielkopolski"]
[WhiteTeamCountry "POL"]
[BlackTeamCountry "POL"]

1. d4 d5 2. c4 c6 3. Nf3 Nf6 4. cxd5 cxd5 5. Nc3 Nc6 6. Bf4 Bf5 7. e3 a6 8. Rc1 Rc8 9. Bd3 Bxd3 10. Qxd3 e6 11. 0-0 Bd6 12. Bxd6 Qxd6 13. a3 0-0 14. Rfd1 h6 15. h3 Rfd8 16. Qe2 Qe7 17. Qd3 Qd6 18. Qe2 Qe7 19. Qd3 Qd6 20. Qe2 1/2-1/2

[Event "POL-chT 2nd League"]
[Site "Jastrzebia Gora"]
[Date "2022.09.04"]
[Round "2.14"]
[White "Markowski, Damian"]
[Black "Maciejczak, Jakub"]
[Result "0-1"]
[WhiteElo "2186"]
[BlackElo "2374"]
[PlyCount "66"]
[EventDate "2022.09.03"]
[EventType "team-swiss"]
[EventRounds "9"]
[EventCountry "POL"]
[SourceTitle "CBM 210 Extra"]
[Source "ChessBase"]
[SourceDate "2022.11.30"]
[SourceVersion "1"]
[SourceVersionDate "2022.11.30"]
[SourceQuality "1"]
[WhiteTeam "Warszawa YMCA"]
[BlackTeam "Ostrow Wielkopolski"]
[WhiteTeamCountry "POL"]
[BlackTeamCountry "POL"]

1. e4 d6 2. d4 Nf6 3. Nc3 g6 4. Bf4 Bg7 5. Qd2 c6 6. Nf3 0-0 7. h3 Qa5 8. Bd3 Nbd7 9. Bh6 e5 10. Bxg7 Kxg7 11. Qg5 h6 12. Qd2 Re8 13. 0-0-0 b5 14. a3 b4 15. Nb1 c5 16. dxe5 dxe5 17. Qe2 Rb8 18. Nfd2 Qc7 19. Bb5 Re7 20. g3 Nf8 21. c3 Qb6 22. a4 a6 23. Bd3 bxc3 24. Nc4 cxb2+ 25. Qxb2 Qc7 26. Qa3 Ne6 27. Nbd2 Nd4 28. Rdf1 Be6 29. f4 Bxc4 30. Nxc4 Rb3 31. fxe5 Nd7 32. Qa2 Rxd3 33. Rh2 Nxe5 0-1

[Event "POL-chT 1st League"]
[Site "Szklarska Poreba"]
[Date "2021.09.04"]
[Round "1.10"]
[White "Maciejczak, Jakub"]
[Black "Goluch, Piotr"]
[Result "1/2-1/2"]
[WhiteElo "2363"]
[BlackElo "2318"]
[PlyCount "116"]
[EventDate "2021.09.04"]
[EventType "team-swiss"]
[EventRounds "9"]
[EventCountry "POL"]
[SourceTitle "CBM 204 Extra"]
[Source "ChessBase"]
[SourceDate "2021.11.30"]
[SourceVersion "1"]
[SourceVersionDate "2021.11.30"]
[SourceQuality "1"]
[WhiteTeam "Ostrow Wielkopolski"]
[BlackTeam "Bogatynia UKS SP3"]
[WhiteTeamCountry "POL"]
[BlackTeamCountry "POL"]

1. e4 c6 2. d4 d5 3. exd5 cxd5 4. Bd3 Nc6 5. c3 Nf6 6. h3 e5 7. dxe5 Nxe5 8. Nf3 Nxd3+ 9. Qxd3 Be7 10. 0-0 0-0 11. Bg5 Qb6 12. Qc2 Bc5 13. Nbd2 Ne4 14. Nxe4 dxe4 15. Qxe4 Qxb2 16. Be3 Bxe3 17. Qxe3 Bf5 18. Nd4 Rfe8 19. Qc1 Qxc1 20. Raxc1 Bd3 21. Rfd1 Bc4 22. a3 g6 23. Nc2 Rac8 24. Ne3 Be6 25. Rd4 Rc5 26. Rb1 b6 27. c4 Ra5 28. Rd3 Rc8 29. Rb4 Kf8 30. Kf1 Re5 31. Rd4 Ke7 32. Ke2 Ra5 33. Rd3 Rd8 34. Rxd8 Kxd8 35. Rb3 b5 36. Rd3+ Kc7 37. cxb5 Rxb5 38. Rc3+ Kb6 39. Kd3 Ka5 40. Kc2 Ka4 41. Nc4 Bf5+ 42. Kd2 Bb1 43. Kc1 Ba2 44. Nb2+ Ka5 45. Nc4+ Ka6 46. Nd6 Rb1+ 47. Kd2 Rb6 48. Ne4 Bd5 49. Nc5+ Kb5 50. g3 Rd6 51. Ke3 a5 52. Nd3 Kb6 53. h4 f6 54. Nc5 Bc6 55. Nb3 Re6+ 56. Kd2 Re5 57. Re3 Rf5 58. f4 Bd7 1/2-1/2

[Event "POL-chT 1st League"]
[Site "Ustron"]
[Date "2020.09.13"]
[Round "9.2"]
[White "Maciejczak, Jakub"]
[Black "Plichta, Kamil"]
[Result "1/2-1/2"]
[WhiteElo "2371"]
[BlackElo "2383"]
[PlyCount "119"]
[EventDate "2020.09.05"]
[EventType "team-tourn"]
[EventRounds "9"]
[EventCountry "POL"]
[SourceTitle "CBM 198 Extra"]
[Source "ChessBase"]
[SourceDate "2020.11.30"]
[SourceVersion "1"]
[SourceVersionDate "2020.11.30"]
[SourceQuality "1"]
[WhiteTeam "Ostrow Wielkopolski"]
[BlackTeam "Gostynin Gostmat 83"]
[WhiteTeamCountry "POL"]
[BlackTeamCountry "POL"]

1. e4 c5 2. Nc3 e6 3. g3 d5 4. exd5 exd5 5. d3 h6 6. Bg2 Nf6 7. Nge2 d4 8. Ne4 Nxe4 9. Bxe4 Bd6 10. 0-0 Nc6 11. Bg2 0-0 12. Nf4 Re8 13. h3 Bd7 14. Bd2 Ne5 15. Re1 Bc6 16. Bxc6 bxc6 17. Ng2 Ng6 18. f4 Rxe1+ 19. Nxe1 Ne7 20. Ng2 Nd5 21. Qg4 Bc7 22. Rf1 Ba5 23. Bc1 Nf6 24. Qf3 Qd5 25. Qxd5 cxd5 26. b3 Bc3 27. Ba3 Nd7 28. Rb1 a5 29. Bb2 Bxb2 30. Rxb2 Kf8 31. Kf2 Ke7 32. Nh4 g6 33. Nf3 Kd6 34. a3 Rb8 35. Rb1 Rb7 36. Nd2 Nb8 37. Re1 Nc6 38. Re8 a4 39. Ra8 Na7 40. Rd8+ Kc6 41. Ra8 axb3 42. Nxb3 Kb5 43. Rd8 Rc7 44. Rxd5 Ka4 45. Rxc5 Rxc5 46. Nxc5+ Kxa3 47. Ke2 Nb5 48. Kd2 Kb4 49. Nd7 Nd6 50. Ne5 h5 51. g4 hxg4 52. hxg4 Kc5 53. c4 dxc3+ 54. Kxc3 Kd5 55. Nf3 Ne4+ 56. dxe4+ Kxe4 57. Ng5+ Kxf4 58. Nxf7 Kxg4 59. Ne5+ Kf5 60. Nxg6 1/2-1/2

[Event "POL-chT 1st League"]
[Site "Ustron"]
[Date "2020.09.12"]
[Round "8.4"]
[White "Pakleza, Zbigniew"]
[Black "Maciejczak, Jakub"]
[Result "1-0"]
[WhiteElo "2503"]
[BlackElo "2371"]
[PlyCount "61"]
[EventDate "2020.09.05"]
[EventType "team-tourn"]
[EventRounds "9"]
[EventCountry "POL"]
[SourceTitle "CBM 198 Extra"]
[Source "ChessBase"]
[SourceDate "2020.11.30"]
[SourceVersion "1"]
[SourceVersionDate "2020.11.30"]
[SourceQuality "1"]
[WhiteTeam "Dabrowa Gornicza Zaglebie"]
[BlackTeam "Ostrow Wielkopolski"]
[WhiteTeamCountry "POL"]
[BlackTeamCountry "POL"]

1. e4 c6 2. d4 d5 3. Nc3 dxe4 4. Nxe4 Bf5 5. Ng3 Bg6 6. Nh3 Nf6 7. Nf4 Nd5 8. Nxg6 hxg6 9. c4 Nf6 10. Qb3 Qb6 11. Qxb6 axb6 12. Be2 e6 13. 0-0 Bd6 14. Be3 Na6 15. a3 Nc7 16. a4 Na6 17. b3 Rh4 18. a5 bxa5 19. Rxa5 Bb4 20. Ra4 Bc3 21. f4 0-0-0 22. Rd1 Rhh8 23. Bf3 Kc7 24. Ne2 Bb4 25. Nc1 Be7 26. Nd3 Nd7 27. c5 Nf6 28. Ne5 Nd5 29. Bd2 Nxc5 30. dxc5 Bxc5+ 31. Kh1 1-0

[Event "POL-chT 1st League"]
[Site "Ustron"]
[Date "2020.09.11"]
[Round "7.3"]
[White "Maciejczak, Jakub"]
[Black "Kowalski, Igor"]
[Result "1/2-1/2"]
[WhiteElo "2371"]
[BlackElo "2397"]
[PlyCount "69"]
[EventDate "2020.09.05"]
[EventType "team-tourn"]
[EventRounds "9"]
[EventCountry "POL"]
[SourceTitle "CBM 198 Extra"]
[Source "ChessBase"]
[SourceDate "2020.11.30"]
[SourceVersion "1"]
[SourceVersionDate "2020.11.30"]
[SourceQuality "1"]
[WhiteTeam "Ostrow Wielkopolski"]
[BlackTeam "Chylice Laura"]
[WhiteTeamCountry "POL"]
[BlackTeamCountry "POL"]

1. Nf3 d5 2. g3 g6 3. Bg2 Bg7 4. 0-0 e5 5. c4 dxc4 6. Qa4+ Nc6 7. Qxc4 Nge7 8. d3 0-0 9. Nc3 Be6 10. Qa4 h6 11. Bd2 f5 12. Rac1 g5 13. Qd1 Qe8 14. Na4 b6 15. b3 Rd8 16. Bc3 Bd5 17. Qc2 Qh5 18. b4 a6 19. Qb2 Ng6 20. Ne1 Bxg2 21. Nxg2 f4 22. b5 axb5 23. Qxb5 Nce7 24. Ba1 Nd5 25. Nc3 Nge7 26. Nxd5 Nxd5 27. Qc4 Rf7 28. f3 Qg6 29. Qe4 Qxe4 30. fxe4 Nb4 31. a3 Na6 32. Ne1 g4 33. h3 h5 34. hxg4 hxg4 35. Rc6 1/2-1/2

[Event "Trzcianka Dziedzic Memorial 9th"]
[Site "Trzcianka"]
[Date "2019.10.13"]
[Round "5"]
[White "Klekowski, Maciej"]
[Black "Maciejczak, Jakub"]
[Result "1/2-1/2"]
[WhiteElo "2524"]
[BlackElo "2371"]
[PlyCount "138"]
[EventDate "2019.10.13"]
[EventType "swiss (rapid)"]
[EventRounds "9"]
[EventCountry "POL"]
[SourceTitle "CBM 192 Extra"]
[Source "Chessbase"]
[SourceDate "2019.11.06"]
[SourceVersion "1"]
[SourceVersionDate "2019.11.06"]
[SourceQuality "1"]

1. c4 e5 2. Nc3 Nc6 3. g3 Nf6 4. Bg2 Bb4 5. e4 Bxc3 6. bxc3 d6 7. Ne2 0-0 8. 0-0 h6 9. f4 exf4 10. gxf4 Bg4 11. h3 Bxe2 12. Qxe2 Re8 13. d4 Qd7 14. Rb1 Rab8 15. e5 Nh7 16. Be3 Ne7 17. Bf2 c6 18. Qg4 Nf5 19. h4 Re7 20. Bh3 g6 21. h5 Kh8 22. Kh2 Rg8 23. Rg1 dxe5 24. fxe5 Ng5 25. hxg6 fxg6 26. Bg2 Qe6 27. Qe2 Rge8 28. Rbe1 Kh7 29. Qd3 Qf7 30. Rgf1 Qg7 31. Be3 Rf8 32. Bf4 Ne6 33. Bd2 Ng5 34. Rf4 Ne6 35. Rf2 Ng5 36. Ref1 Ref7 37. Qe2 Nh4 38. Rxf7 Rxf7 39. Rxf7 Qxf7 40. Bxg5 hxg5 41. e6 Qc7+ 42. Kg1 Nf5 43. c5 Kg7 44. c4 Kf6 45. d5 cxd5 46. cxd5 Qxc5+ 47. Qf2 Qc1+ 48. Qf1 Qd2 49. Qa1+ Ke7 50. Qe5 Qe3+ 51. Qxe3 Nxe3 52. Be4 Kd6 53. Kf2 Ng4+ 54. Ke2 Nf6 55. Bg2 g4 56. Ke3 g5 57. Bh1 b5 58. Kd4 a5 59. a3 g3 60. Bf3 b4 61. axb4 axb4 62. Kc4 Nh5 63. Kxb4 Nf4 64. Kc4 g2 65. Bxg2 Nxg2 66. Kd4 Nf4 67. Ke4 Nxd5 68. Kf5 Ne7+ 69. Kxg5 Kxe6 1/2-1/2

[Event "POL-ch rapid"]
[Site "Zgierz"]
[Date "2019.10.06"]
[Round "2"]
[White "Adamczewski, Maciej"]
[Black "Maciejczak, Jakub"]
[Result "1-0"]
[WhiteElo "2109"]
[BlackElo "2383"]
[PlyCount "102"]
[EventDate "2019.10.06"]
[EventType "swiss (rapid)"]
[EventRounds "11"]
[EventCountry "POL"]
[SourceTitle "EXT 2020"]
[Source "ChessBase"]
[SourceDate "2019.10.17"]
[SourceVersion "1"]
[SourceVersionDate "2019.10.17"]
[SourceQuality "1"]

1. d4 d5 2. c4 c6 3. Nc3 Nf6 4. Nf3 dxc4 5. a4 Bg4 6. e3 e6 7. Bxc4 Bb4 8. Qb3 Qe7 9. Ne5 Bh5 10. a5 0-0 11. 0-0 Nbd7 12. h3 Nxe5 13. dxe5 Nd5 14. Ra4 Bc5 15. Ra1 Qc7 16. Ne4 Be7 17. Nd6 Bxd6 18. exd6 Qxd6 19. e4 Nf6 20. Re1 Qc7 21. Bg5 Bg6 22. Qf3 Qe5 23. Bxf6 Qxf6 24. Qb3 Rab8 25. Rad1 Rfd8 26. Rxd8+ Qxd8 27. Qc3 h6 28. Bb3 Qc7 29. f3 b6 30. Rd1 bxa5 31. Kh1 Qb6 32. Ba4 c5 33. b3 f6 34. Qd2 Bf7 35. Qe3 e5 36. Rd7 Be6 37. Re7 Kf8 38. Rxe6 Qxe6 39. Qxc5+ Qe7 40. Qxa5 Kg8 41. Bc6 Kh7 42. Bd5 Rc8 43. Qa6 Qc5 44. Bc4 Rc7 45. Qe6 Qe7 46. Qg8+ Kg6 47. Be6 Rc1+ 48. Kh2 h5 49. h4 f5 50. Bxf5+ Kf6 51. Qh8 Kf7 1-0

[Event "POL-chT 2nd League"]
[Site "Jastrzebia Gora"]
[Date "2019.09.15"]
[Round "9.1"]
[White "Maciejczak, Jakub"]
[Black "Oglaza, Oskar"]
[Result "1/2-1/2"]
[WhiteElo "2383"]
[BlackElo "2351"]
[PlyCount "21"]
[EventDate "2019.09.07"]
[EventType "team-swiss"]
[EventRounds "9"]
[EventCountry "POL"]
[SourceTitle "EXT 2020"]
[Source "ChessBase"]
[SourceDate "2019.10.17"]
[SourceVersion "1"]
[SourceVersionDate "2019.10.17"]
[SourceQuality "1"]
[WhiteTeam "Ostrow Wielkopolski"]
[BlackTeam "Rodlo Opole"]
[WhiteTeamCountry "POL"]
[BlackTeamCountry "POL"]

1. e4 c5 2. Nc3 a6 3. g3 b5 4. Bg2 Bb7 5. d3 e6 6. Nf3 d6 7. 0-0 Nf6 8. a4 b4 9. Ne2 Be7 10. b3 0-0 11. Bb2 1/2-1/2

[Event "POL-chT 2nd League"]
[Site "Jastrzebia Gora"]
[Date "2019.09.14"]
[Round "8.1"]
[White "Lewicki, Miroslaw"]
[Black "Maciejczak, Jakub"]
[Result "0-1"]
[WhiteElo "2351"]
[BlackElo "2383"]
[PlyCount "90"]
[EventDate "2019.09.07"]
[EventType "team-swiss"]
[EventRounds "9"]
[EventCountry "POL"]
[SourceTitle "EXT 2020"]
[Source "ChessBase"]
[SourceDate "2019.10.17"]
[SourceVersion "1"]
[SourceVersionDate "2019.10.17"]
[SourceQuality "1"]
[WhiteTeam "Czarna LKSz"]
[BlackTeam "Ostrow Wielkopolski"]
[WhiteTeamCountry "POL"]
[BlackTeamCountry "POL"]

1. e4 c6 2. d4 d5 3. Nd2 dxe4 4. Nxe4 Nd7 5. Nf3 Ngf6 6. Ng3 e6 7. Be2 Be7 8. 0-0 0-0 9. b3 Nd5 10. Bb2 Nf4 11. Re1 Nxe2+ 12. Qxe2 b6 13. Rad1 Bb7 14. a3 Qc7 15. c4 Rfe8 16. h3 Nf6 17. Ne5 Bf8 18. Ng4 Nxg4 19. Qxg4 f5 20. Qf3 Rad8 21. Nh5 Qf7 22. Nf4 c5 23. Qc3 Bd6 24. Ne2 Qg6 25. f3 cxd4 26. Nxd4 Bg3 27. Rf1 Be5 28. Qe1 Bb8 29. Ne2 e5 30. Nc3 e4 31. Rxd8 Rxd8 32. fxe4 fxe4 33. Qe2 h6 34. Rd1 Rf8 35. Rf1 Rd8 36. Rd1 Rf8 37. Rf1 Rf3 38. Qd2 Rd3 39. Qf2 Bd6 40. Qe2 Rxh3 41. Nb5 Bh2+ 42. Kh1 e3 43. Nd4 Be5+ 44. Kg1 Bxd4 45. Bxd4 Rg3 0-1

[Event "POL-chT 2nd League"]
[Site "Jastrzebia Gora"]
[Date "2019.09.10"]
[Round "4.6"]
[White "Maciejczak, Jakub"]
[Black "Psyk, Radoslaw"]
[Result "0-1"]
[WhiteElo "2383"]
[BlackElo "2314"]
[PlyCount "80"]
[EventDate "2019.09.07"]
[EventType "team-swiss"]
[EventRounds "9"]
[EventCountry "POL"]
[SourceTitle "EXT 2020"]
[Source "ChessBase"]
[SourceDate "2019.10.17"]
[SourceVersion "1"]
[SourceVersionDate "2019.10.17"]
[SourceQuality "1"]
[WhiteTeam "Ostrow Wielkopolski"]
[BlackTeam "Strzelce Opolskie Strzelec"]
[WhiteTeamCountry "POL"]
[BlackTeamCountry "POL"]

1. c4 e5 2. Nc3 Nc6 3. g3 Bb4 4. Nd5 Bc5 5. Bg2 Nf6 6. d3 Nxd5 7. cxd5 Qf6 8. e3 Ne7 9. Ne2 d6 10. Nc3 Qg6 11. 0-0 0-0 12. Na4 Bb6 13. Nxb6 cxb6 14. Qb3 Nf5 15. f3 h5 16. Bd2 Bd7 17. Rac1 Rfc8 18. Rxc8+ Rxc8 19. Rc1 Rxc1+ 20. Bxc1 h4 21. g4 h3 22. Bxh3 Qh6 23. gxf5 Qxh3 24. e4 Qxf3 25. Qc4 Kh7 26. b3 f6 27. a4 Be8 28. Qc2 Bh5 29. Qd2 Bg4 30. Qe3 Qd1+ 31. Kf2 Qxb3 32. Bd2 Qxa4 33. Qg3 Qd1 34. Bb4 Qc2+ 35. Kg1 Qb1+ 36. Kg2 Qxb4 37. Qxg4 Qd2+ 38. Kh3 Qxd3+ 39. Kh4 Kg8 40. Qg6 Qxe4+ 0-1

[Event "Poznan op 27th"]
[Site "Poznan"]
[Date "2019.08.22"]
[Round "6"]
[White "Maciejczak, Jakub"]
[Black "Cherepov, Alexej"]
[Result "1-0"]
[WhiteElo "2352"]
[BlackElo "2224"]
[PlyCount "75"]
[EventDate "2019.08.18"]
[EventType "swiss"]
[EventRounds "9"]
[EventCountry "POL"]
[SourceTitle "EXT 2020"]
[Source "ChessBase"]
[SourceDate "2019.10.17"]
[SourceVersion "1"]
[SourceVersionDate "2019.10.17"]
[SourceQuality "1"]

1. e4 c5 2. Nc3 d6 3. g3 Nc6 4. Bg2 g6 5. d3 Bg7 6. f4 e6 7. Nf3 Nge7 8. 0-0 0-0 9. Be3 b6 10. Bf2 Ba6 11. Qd2 Rc8 12. Rfe1 Qd7 13. Rab1 Nd4 14. Ne2 Nxf3+ 15. Bxf3 d5 16. e5 f6 17. exf6 Bxf6 18. d4 Bxe2 19. Rxe2 Nf5 20. dxc5 bxc5 21. Rxe6 Nd4 22. Re3 Nxf3+ 23. Rxf3 d4 24. c4 Rfe8 25. Rd3 Re4 26. Re1 Rxe1+ 27. Qxe1 Re8 28. Qd1 h5 29. Qf3 Qf5 30. Kg2 Re4 31. Ra3 Re7 32. h3 Qc2 33. Ra6 Bg7 34. Rd6 Re3 35. Qd5+ Kh7 36. f5 gxf5 37. Qf7 Qe2 38. Qg6+ 1-0

[Event "POL-chT 2nd League"]
[Site "Jastrzebia Gora"]
[Date "2015.09.10"]
[Round "6.8"]
[White "Maciejczak, Jakub"]
[Black "Maksimenko, Andrei"]
[Result "0-1"]
[WhiteElo "2355"]
[BlackElo "2453"]
[PlyCount "114"]
[EventDate "2015.09.05"]
[EventType "team-swiss"]
[EventRounds "9"]
[EventCountry "POL"]
[SourceTitle "EXT 2017"]
[Source "ChessBase"]
[SourceDate "2016.10.25"]
[SourceVersion "1"]
[SourceVersionDate "2016.10.25"]
[SourceQuality "1"]
[WhiteTeam "Ostrow Wielkopolski"]
[BlackTeam "Znin Baszta II"]
[WhiteTeamCountry "POL"]
[BlackTeamCountry "POL"]

1. c4 c5 2. g3 Nc6 3. Bg2 g6 4. Nc3 Bg7 5. Nf3 e6 6. 0-0 Nge7 7. d3 0-0 8. a3 d5 9. cxd5 exd5 10. Bd2 b6 11. Rc1 a5 12. Na4 Bd7 13. Qb3 Ra6 14. Rfe1 h6 15. h4 Qe8 16. Nc3 Be6 17. Qc2 d4 18. Na4 Qd7 19. e4 Na7 20. b3 Nb5 21. Ra1 Nc6 22. Kh2 Rc8 23. Rf1 Kh7 24. Rfc1 f5 25. exf5 Bxf5 26. Re1 Rf8 27. Kg1 Bh3 28. Bh1 Qf5 29. Re4 Qd7 30. Qc4 Nc7 31. Qc2 Nb5 32. Qc4 Nc7 33. Qc2 Bf5 34. Ree1 Nd5 35. Qc4 Nc7 36. Qc2 Nd5 37. Qc4 Nc7 38. Qc2 Be6 39. Rxe6 Qxe6 40. Re1 Qf7 41. Bg2 Nb5 42. Bc1 Nc3 43. Bf4 Re8 44. Kf1 Rxe1+ 45. Nxe1 Ne7 46. Nxc3 dxc3 47. Be4 b5 48. h5 Kh8 49. hxg6 Nxg6 50. Be3 a4 51. bxa4 b4 52. axb4 cxb4 53. d4 Ne7 54. Kg1 Qe6 55. Bb7 b3 56. Qxc3 Rb6 57. d5 Bxc3 0-1

[Event "POL-chT1"]
[Site "Poronin"]
[Date "2014.09.07"]
[Round "9.1"]
[White "Miroslaw, Michal"]
[Black "Maciejczak, Jakub"]
[Result "0-1"]
[WhiteElo "2333"]
[BlackElo "2333"]
[PlyCount "102"]
[EventDate "2014.08.31"]
[EventType "team-tourn"]
[EventRounds "9"]
[EventCountry "POL"]
[SourceTitle "CBM 162 Extra"]
[Source "ChessBase"]
[SourceDate "2014.10.17"]
[SourceVersion "1"]
[SourceVersionDate "2014.10.17"]
[SourceQuality "1"]
[WhiteTeam "Lublin Drakon SKOK Chmielewskiego"]
[BlackTeam "Ostrow Welkopolski"]
[WhiteTeamCountry "POL"]
[BlackTeamCountry "POL"]

1. e4 c6 2. d4 g6 3. Nc3 Bg7 4. Nf3 d6 5. Be3 Nd7 6. Bd3 Qc7 7. a4 Ngf6 8. Qd2 Ng4 9. Bg5 h6 10. Bh4 e5 11. Be2 0-0 12. dxe5 Ndxe5 13. Nxe5 dxe5 14. h3 Nf6 15. Bxf6 Bxf6 16. Qxh6 Be6 17. h4 Qe7 18. Qe3 Rfd8 19. g3 Kg7 20. Kf1 Qb4 21. Rb1 Be7 22. h5 Rh8 23. Kg2 Rad8 24. g4 gxh5 25. gxh5 Kh7 26. Rhg1 Bg5 27. Qg3 Rhg8 28. Kh1 Bf6 29. Qe3 Qe7 30. Rxg8 Rxg8 31. Rg1 Rxg1+ 32. Kxg1 Bg5 33. Qd3 Bf4 34. Kf1 a6 35. Nd5 Qh4 36. Ke1 Qh1+ 37. Bf1 cxd5 38. exd5+ e4 39. Qc3 Bf5 40. d6 Qxh5 41. Qd4 Qg5 42. Qd5 Bg6 43. Qxg5 Bxg5 44. Bc4 a5 45. Bd5 b6 46. c4 Bf4 47. d7 Bc7 48. Kd2 Kg7 49. Kc3 Kf6 50. c5 bxc5 51. Kc4 Ke7 0-1